Consumers' perceptions of food risk management quality: Chinese and Korean evaluations

Rozdielne vnímanie potravinového rizika spotrebiteľmi a odborníkmi. Význam efektívneho potravinového risk manažmentu. Porovnávacia štúdia prevedená v Číne a Kórei. Metóda, analýza dát, výsledky a diskusia.

Salvato in:
Dettagli Bibliografici
Autore principale: Kim, Renee B.
Natura: Capitolo di libro
Lingua:inglese
Soggetti:
Tags: Aggiungi Tag
Nessun Tag, puoi essere il primo ad aggiungerne!!

MARC

LEADER 00000naa a2200000 4500
001 0148996
005 20231211070251.3
041 0 |a eng 
044 |a CZ 
245 1 0 |a Consumers' perceptions of food risk management quality: Chinese and Korean evaluations  |c Renee B. Kim 
520 |a Rozdielne vnímanie potravinového rizika spotrebiteľmi a odborníkmi. Význam efektívneho potravinového risk manažmentu. Porovnávacia štúdia prevedená v Číne a Kórei. Metóda, analýza dát, výsledky a diskusia. 
610 2 0 |a riziko 
610 2 0 |a potraviny 
610 2 0 |a bezpečnosť potravinová 
610 2 0 |a risk management 
610 2 0 |a štúdie 
610 2 0 |a Čína 
610 2 0 |a Kórea 
100 1 |a Kim, Renee B.